Manažment investícií do verejnoprospešných projektov v kontexte globálnej krízy

Pokračovanie príspevku z predchádzajúceho čísla. Zjednodušený fiktívny modelový príklad ekonomickej analýzy nákladov a prínosov (CBA) verejnoprospešného investičného projektu.

Saved in:
Bibliographic Details
Main Author: Kiseľáková, Dana
Format: Book Chapter
Language:Slovak
Subjects:
Tags: Add Tag
No Tags, Be the first to tag this record!

MARC

LEADER 00000naa a2200000 4500
001 0148171
005 20231208081944.8
041 0 |a slo 
044 |a SK 
245 1 0 |a Manažment investícií do verejnoprospešných projektov v kontexte globálnej krízy  |c Dana Kiseľáková 
520 |a Pokračovanie príspevku z predchádzajúceho čísla. Zjednodušený fiktívny modelový príklad ekonomickej analýzy nákladov a prínosov (CBA) verejnoprospešného investičného projektu. 
610 2 0 |a projekty investičné 
610 2 0 |a analýza ekonomická 
610 2 0 |a efektívnosť ekonomická 
610 2 0 |a efektívnosť investícií 
610 2 0 |a manažment 
610 2 0 |a rozhodovanie finančné 
100 1 |a Kiseľáková, Dana